00806nam a22002297a 450000500170000001000150001702000260003202000230005803500130008103700130009408200120010710000150011924500530013425000160018726000400020327000620024330000390030550000500034494200260039499900190042095201370043920160920164305.0 aENG-116056 c450.00a9789352601882 a9352601882c450.00 aEN-99588 bDBAD/PUB a333.794 aKhan, B.H. aNon-conventional energy resources /cby B.H Khan a3rd edition aNoida bMcGraw Hill Educationc2017 aB-4, Sector - 63, Gautam Budh Nagar, bNoida (UP)e201301 axviii, 600pc22cm(pbk)bill.(maps) aIncludes Index and bibliographical references 2ddccENmKHAh333.794 c103476d103476 001040718NFICaDBADbDBADd2016-09-20eDBAD/PUBg450.00l0o333.794 KHApEN-99588r2016-09-20 00:00:00t1v450.00w2016-09-20yEN